| 000 | 01473cam a2200217 4500 | ||
|---|---|---|---|
| 001 | 5757 | ||
| 005 | 20181127180156.0 | ||
| 020 | _a9780674365414 (alk. paper) | ||
| 245 | 0 | 0 |
_aMakers of modern Asia / _cedited by Ramachandra Guha. |
| 264 | 1 |
_aCambridge, Massachusetts : _bThe Belknap Press of Harvard University Press, _c2014. |
|
| 300 |
_a385 pages ; _c24 cm |
||
| 336 |
_atext _2rdacontent |
||
| 337 |
_aunmediated _2rdamedia |
||
| 338 |
_avolume _2rdacarrier |
||
| 504 | _aIncludes bibliographical references and index. | ||
| 505 |
_aIntroduction: the politics behind the economics of Asia's rise / Ramachandra Guha -- Gandhi, India, and the world / Ramachandra Guha -- Chiang Kai-shek and Chinese modernization / Jay Taylor -- Ho Chi Minh: nationalist icon / Sophie Quinn-Judge -- Mao Zedong and charismatic Maoism / Rana Mitter -- Jawaharlal Nehru: a romantic in politics / Ramachandra Guha -- Zhou Enlai and China's "prolonged rise" / Chen Jian -- Sukarno: anticipating an Asian century / James R. Rush -- Deng Xiaoping and the China he made / Odd Arne Westad -- Indira Gandhi: India and the world in transition / Srinath Raghavan -- Singapore's Lee Kuan Yew: traveling light, traveling fast / Michael D. Barr -- Zulfikar Ali Bhutto: in pursuit of an Asian Pakistan / Farzana Shaikh. _g _r _t |
||
| 650 | 0 |
_aPoliticians _zAsia _vBiography. |
|
| 651 | 0 |
_aAsia _xForeign relations _y1945- |
|
| 651 | 0 |
_aAsia _xPolitics and government _y1945- |
|
| 700 | 1 | _aGuha, Ramachandra. | |
| 999 |
_c4862 _d4862 |
||